[Event "Caorle op"]
[Site "Caorle"]
[Date "1988.??.??"]
[Round "7"]
[White "Redepogic, R."]
[Black "Kajganovic, Miodrag"]
[Result "0-1"]
[WhiteElo "2330"]
[BlackElo "2260"]
[PlyCount "54"]
[EventDate "1988.??.??"]
[EventType "swiss"]
[EventRounds "8"]
[EventCountry "ITA"]
[SourceTitle "EXT 1999"]
[Source "ChessBase"]
[SourceDate "1998.11.16"]
[SourceVersion "1"]
[SourceVersionDate "1998.11.16"]
[SourceQuality "1"]

1. d4 d5 2. c4 c6 3. Nf3 Nf6 4. Nc3 dxc4 5. Ne5 b5 6. g3 e6 7. Bg2 Nd5 8. e4 Nxc3 9. bxc3 Bd6 10. Qg4 Bxe5 11. dxe5 Qd3 12. Qxg7 Qxc3+ 13. Bd2 Qxa1+ 14. Ke2 Qb2 15. Qxh8+ Kd7 16. Rc1 b4 17. Qf8 c3 18. Rd1 Kc7 19. Ke1 cxd2+ 20. Rxd2 Qc1+ 21. Rd1 Qc3+ 22. Kf1 Nd7 23. Qd6+ Kb7 24. Kg1 Qc5 25. Qd2 a5 26. Rc1 Qb6 27. Qf4 a4 0-1

[Event "Caorle op"]
[Site "Caorle"]
[Date "1988.??.??"]
[Round "3"]
[White "Redepogic, R."]
[Black "Steiner, Darko"]
[Result "1/2-1/2"]
[WhiteElo "2330"]
[BlackElo "2305"]
[PlyCount "29"]
[EventDate "1988.??.??"]
[EventType "swiss"]
[EventRounds "8"]
[EventCountry "ITA"]
[SourceTitle "EXT 1999"]
[Source "ChessBase"]
[SourceDate "1998.11.16"]
[SourceVersion "1"]
[SourceVersionDate "1998.11.16"]
[SourceQuality "1"]

1. d4 e6 2. Nf3 f5 3. g3 Nf6 4. Bg2 d5 5. 0-0 c6 6. c4 Be7 7. b3 0-0 8. Ba3 a5 9. Qc1 b5 10. Bxe7 Qxe7 11. Nbd2 Nbd7 12. cxb5 cxb5 13. Qb2 Ba6 14. Rfc1 b4 15. Bf1 1/2-1/2